000 00522cam a22002054a 4500
005 20250605164307.0
008 250528s ||||||||||||||||||||||||d
035 _a22322
020 _a9780273711216
040 _aGR-AtMCL
_bgre
_dGR-AtMCL
_eAACR2
245 1 _aWORK PSYCHOLOGY / UNDERSTANDING HUMAN BEHAVIOUR IN THE WORKPLACE
250 _a5
260 _bPrentice Hall,
_c2010
300 _a814
700 1 _aArnold John
_9920
700 1 _aRandall Ray
_97285
942 _cBK
999 _c7376
_d7376